Catalog

Record Details

Catalog Search



Available copies

  • 0 of 2 copies available at LARL/NWRL Consortium.
  • 0 of 2 copies available at Lake Agassiz Regional Library. (Show preferred library)

Current holds

2 current holds with 2 total copies.

Show All Copies
Location Call Number / Copy Notes Barcode Shelving Location Status Due Date

Record details

  • ISBN: 9780063413238
  • ISBN: 006341323X
  • Physical Description: xx, 407 pages : illustrations ; 24 cm
  • Edition: First edition.
  • Publisher: New York, NY : William Morrow, an imprint of HarperCollins Publishers, [2026]

Content descriptions

Summary, etc.:
"The ritualistic murder of a British professor at ... Read More
Subject: Murder > Investigation > Fiction.
Witchcraft > Fiction.
University of Exeter > Fiction.
College students > Fiction.
Mysticism > Fiction.
Antiquities > Fiction.
Genre: Thrillers (Fiction)
Detective and mystery fiction.
LDR 02673cam a2200517 i 4500
001470589
003LARL_NWRL_CONSORTIUM
00520260227221850.0
008251217t20262026nyua e 000 1 eng d
007ta
040 . ‡aIG# ‡beng ‡erda ‡cIG# ‡dOCLCO ‡dUKMGB ‡dOCLCO ‡dHBP ‡dTH8 ‡dJBL ‡dIDW ‡dRNL ‡dIMT
015 . ‡aGBC6011347 ‡2bnb
0167 . ‡a300674318 ‡2Uk
020 . ‡a9780063413238 ‡q(hardcover)
020 . ‡a006341323X ‡q(hardcover)
0248 . ‡aCIPO000331322
035 . ‡a(OCoLC)1564177020
08204. ‡a813/.54 ‡223
1001 . ‡aRollins, James, ‡d1961- ‡eauthor. ‡1https://id.oclc.org/worldcat/entity/E39PBJymGkdpFJRrQbHq8f4cyd ‡0(LARL_NWRL_CONSORTIUM)146173
24510. ‡aTrust no one / ‡cJames Rollins.
2463 . ‡aTrust no one : ‡ba thriller
250 . ‡aFirst edition.
264 1. ‡aNew York, NY : ‡bWilliam Morrow, an imprint of HarperCollins Publishers, ‡c[2026]
264 4. ‡c©2026
300 . ‡axx, 407 pages : ‡billustrations ; ‡c24 cm
336 . ‡atext ‡btxt ‡2rdacontent
336 . ‡astill image ‡bsti ‡2rdacontent
337 . ‡aunmediated ‡bn ‡2rdamedia
338 . ‡avolume ‡bnc ‡2rdacarrier
520 . ‡a"The ritualistic murder of a British professor at the University of Exeter points to his own students. All evidence points to Sharyn Karr--an American student. Prior to the professor's death, he had thrust a centuries-old book upon her. It appears to be the handwritten and encrypted diary of an eighteenth-century mystic and occultist, the Comte de Saint-Germain. The professor begged her to keep the text safe, ending with a warning: Trust no one. Such a responsibility forces her into cooperation with Duncan Maxwell, a fellow postgrad and the sixteenth in line to the British Crown. Already, Duncan has proven himself a savant with encryptions. Unfortunately, the pair clash at every level, but they both need one another. Especially when they discover the book's opening words: Herein lies the secret to my immortality. Come find me, if you dare... "-- ‡cPublisher description.
650 0. ‡aMurder ‡xInvestigation ‡vFiction. ‡0(LARL_NWRL_CONSORTIUM)166203
650 0. ‡aWitchcraft ‡vFiction. ‡0(LARL_NWRL_CONSORTIUM)176291
61020. ‡aUniversity of Exeter ‡vFiction.
650 0. ‡aCollege students ‡vFiction. ‡0(LARL_NWRL_CONSORTIUM)164244
650 0. ‡aMysticism ‡vFiction.
650 0. ‡aAntiquities ‡vFiction.
655 7. ‡aThrillers (Fiction) ‡2lcgft
655 7. ‡aDetective and mystery fiction. ‡2lcgft
901 . ‡a470589 ‡bOCoLC ‡c470589 ‡tbiblio ‡soclc

Additional Resources